Specjalizacje lekarskie - Statystyki

Ogólne statystyki
  • Ten quiz został rozwiązany 19 razy
    18 od ostatniego zresetowania
  • Średni wynik to 14 z 27
Statystyki odpowiedzi
Schorzenie Nazwa % Poprawnych
rak {Onk}ologia
94%
ciąża {Położ}nictwo
94%
zaburzenia lękowe, ADHD {Psych}ologia
94%
trądzik, czerniak {Dermat}ologia
83%
zaćma, jaskra {Okuli}styka
78%
zapalenie ucha {Laryng}ologia
67%
grypa, przeziębienie Lekarz {Rodzinny}
67%
próchnica {Stomat}ologia
61%
zapalenie wyrostka robaczkowego {Chirur}gia
56%
endometrioza, mięśniak macicy {Ginek}ologia
56%
zawał serca, nadciśnienie {Kardi}ologia
56%
padaczka, udar mózgu {Neur}ologia
56%
depresja, schizofrenia {Psychi}atria
56%
cukrzyca {Diabet}ologia
50%
kamica nerkowa, przerost prostaty {Ur}ologia
50%
opieka przedoperacyjna {Anestezj}ologia
44%
hashimoto {Endokryn}ologia
44%
skolioza, dyskopatia {Orto}logia
44%
wrastające paznokcie {Podo}logia
39%
choroba wrzodowa, refluks {Gastr}ologia
33%
anemia, białaczka {Hemat}ologia
33%
niewydolność nerek {Nefr}ologia
33%
gorączka sienna {Alerg}ologia
28%
astma, POChP {Pulmon}ologia
28%
.... zapalenie stawów {Reumat}ologia
22%
guz mózgu {Neurochirur}gia
17%
żółtaczka noworodków {Neonat}ologia
11%
Nie znaleziono quizów pasujących do podanych kryteriów
Rozkład punktacji
Procent ludzi z każdym wynikiem
Percentyl według liczby udzielonych odpowiedzi
Twoja historia wyników
Nie rozwiązałeś tego quizu od ostatniego zresetowania